Pokémon by Picture - Letter D - Statistics

General Stats
  • This quiz has been taken 37 times
  • The average score is 13 of 15
Answer Stats
Picture Answer % Correct
Ditto
97%
Dragonite
97%
Dratini
97%
Dewgong
94%
Doduo
94%
Dragonair
94%
Dugtrio
94%
Darkrai
91%
Drowzee
91%
Dialga
88%
Diglett
88%
Deoxys
85%
Drifblim
76%
Deino
74%
Dusclops
74%
No matching quizzes found
Score Distribution
Percent of People with Each Score
Percentile by Number Answered
Your Score History
You have not taken this quiz